000 00794nam a2200253 i 4500
001 000022515
003 DO-SdBNP
005 20230508144223.0
007 ta
008 101012s1999 dr a 000 0 spa d
020 _a8495119226
040 _aDO-SdBNP
_bspa
_cBNPHU
_erda
082 2 _a324.609
_bG887h
_24
100 1 _aGrullón, Sandino
_92870
245 1 0 _aHistoria de las elecciones en la República Dominicana :
_bdesde 1913 a 1998 /
_cSandino Grullón.
264 _aSanto Domingo :
_bUnión y Paz,
_c1999.
300 _a630 páginas
_c27 cm.
336 _2rdacontent
_atexto
_btxt
337 _2rdamedia
_asin medición
_bn
338 _2rdacarrier
_avolumen
_bnc
590 _aInventariado, 2023/BT
650 4 _aElecciones
_zRepublica Dominicana
_bHistoria
_946362
942 _2ddc
_cLBS1
999 _c22013
_d22013